[Event "Polanica Zdroj op-D 48th"]
[Site "Polanica Zdroj"]
[Date "2012.08.21"]
[Round "4"]
[White "Rylska, Kamila"]
[Black "Wojtowicz, Stanislaw"]
[Result "0-1"]
[WhiteElo "1334"]
[BlackElo "1736"]
[PlyCount "85"]
[EventDate "2012.08.18"]
[EventType "swiss"]
[EventRounds "9"]
[EventCountry "POL"]
[SourceTitle "EXT 2014"]
[Source "ChessBase"]
[SourceDate "2013.11.20"]
[SourceVersion "1"]
[SourceVersionDate "2013.11.20"]
[SourceQuality "1"]

1. e4 c5 2. Nf3 a6 3. c3 e6 4. d4 cxd4 5. cxd4 g6 6. Nc3 Bg7 7. Bd3 Ne7 8. 0-0 0-0 9. Bg5 f6 10. Bf4 d5 11. e5 f5 12. Qd2 Re8 13. Bh6 Bh8 14. Rac1 Bd7 15. Rfe1 Qb6 16. Bg5 Qb4 17. b3 Nbc6 18. Bb1 Rac8 19. Bf6 Bg7 20. Qe3 Nd8 21. Ne2 Nec6 22. Bxg7 Kxg7 23. Nf4 Nf7 24. Nd3 Qe7 25. Nc5 Rc7 26. a4 Rec8 27. b4 Nxb4 28. Qb3 a5 29. Rc3 b6 30. Nxe6+ Bxe6 31. Rce3 Rc4 32. Qb2 Qc7 33. h3 Rc1 34. Kh2 Rxe1 35. Rxe1 Qc3 36. Qe2 Rc4 37. Nd2 Rxd4 38. Nf3 Rc4 39. Nd2 Rc5 40. Nf3 d4 41. Rd1 Bc4 42. Qd2 Qxd2 43. Rxd2 0-1

[Event "Polanica Zdroj op-D 48th"]
[Site "Polanica Zdroj"]
[Date "2012.08.19"]
[Round "2"]
[White "Szydelko, Michal"]
[Black "Wojtowicz, Stanislaw"]
[Result "1-0"]
[WhiteElo "1352"]
[BlackElo "1736"]
[PlyCount "91"]
[EventDate "2012.08.18"]
[EventType "swiss"]
[EventRounds "9"]
[EventCountry "POL"]
[SourceTitle "EXT 2014"]
[Source "ChessBase"]
[SourceDate "2013.11.20"]
[SourceVersion "1"]
[SourceVersionDate "2013.11.20"]
[SourceQuality "1"]

1. e4 c5 2. Nf3 e6 3. d4 cxd4 4. Nxd4 Nf6 5. Nc3 Nc6 6. Bg5 Be7 7. Qd2 a6 8. 0-0-0 0-0 9. f4 b5 10. Nxc6 dxc6 11. Qxd8 Rxd8 12. Rxd8+ Bxd8 13. e5 h6 14. Bxf6 gxf6 15. Ne4 fxe5 16. fxe5 Bg5+ 17. Nxg5 hxg5 18. g3 Bb7 19. Bg2 Rb8 20. Rd1 c5 21. Bxb7 Rxb7 22. Rd6 a5 23. Rd8+ Kg7 24. Rc8 c4 25. Rc5 Kg6 26. Kd2 Kf5 27. h3 Ke4 28. a4 Kf3 29. Rxb5 Rd7+ 30. Kc3 Kxg3 31. Rxa5 Kxh3 32. Ra8 Rd5 33. a5 Rxe5 34. a6 g4 35. Rh8+ Kg2 36. a7 Ra5 37. a8Q+ Rxa8 38. Rxa8 Kf3 39. Kxc4 g3 40. Ra3+ Kf2 41. Rxg3 Kxg3 42. b4 f5 43. b5 f4 44. b6 f3 45. b7 f2 46. b8Q+ 1-0

[Event "Polanica Zdroj op-D 47th"]
[Site "Polanica Zdroj"]
[Date "2011.08.25"]
[Round "6"]
[White "Wojtowicz, Stanislaw"]
[Black "Kowalski, Roman"]
[Result "1-0"]
[WhiteElo "2068"]
[BlackElo "1574"]
[PlyCount "75"]
[EventDate "2011.08.20"]
[EventType "swiss"]
[EventRounds "9"]
[EventCountry "POL"]
[SourceTitle "EXT 2014"]
[Source "ChessBase"]
[SourceDate "2013.11.20"]
[SourceVersion "1"]
[SourceVersionDate "2013.11.20"]
[SourceQuality "1"]

1. d4 d5 2. c4 Nf6 3. Nf3 Bg4 4. e3 e6 5. Be2 b6 6. h3 Bxf3 7. Bxf3 Be7 8. 0-0 c6 9. cxd5 cxd5 10. Nc3 Nbd7 11. Bd2 0-0 12. Rc1 Rc8 13. Re1 Bb4 14. a3 Bxc3 15. Bxc3 a5 16. Qd3 Rc4 17. b3 Rc6 18. Bb2 Rxc1 19. Rxc1 Qb8 20. Qc3 h6 21. Qc7 Qxc7 22. Rxc7 Rb8 23. Be2 Nf8 24. a4 g5 25. f3 N6d7 26. Rc6 f5 27. Kf2 Ng6 28. Rxe6 Kf7 29. Rc6 Ne7 30. Rc2 Rc8 31. Rd2 Nf6 32. Bd3 Ke6 33. g4 fxg4 34. hxg4 Rf8 35. Kg3 Nc6 36. Bf5+ Kd6 37. Ba3+ Kc7 38. Bxf8 1-0

[Event "Polanica Zdroj op-D 47th"]
[Site "Polanica Zdroj"]
[Date "2011.08.24"]
[Round "5"]
[White "Frej, Zofia"]
[Black "Wojtowicz, Stanislaw"]
[Result "1/2-1/2"]
[WhiteElo "1465"]
[BlackElo "2068"]
[PlyCount "49"]
[EventDate "2011.08.20"]
[EventType "swiss"]
[EventRounds "9"]
[EventCountry "POL"]
[SourceTitle "EXT 2014"]
[Source "ChessBase"]
[SourceDate "2013.11.20"]
[SourceVersion "1"]
[SourceVersionDate "2013.11.20"]
[SourceQuality "1"]

1. e4 c5 2. c3 d6 3. d4 cxd4 4. cxd4 e6 5. Nc3 Nf6 6. Nf3 Be7 7. Bd3 Nc6 8. a3 a6 9. 0-0 Qc7 10. Bf4 e5 11. dxe5 dxe5 12. Bg3 Bg4 13. Rc1 Rd8 14. h3 Bh5 15. Re1 0-0 16. Re3 Qd6 17. Be2 Qxd1+ 18. Rxd1 Rxd1+ 19. Bxd1 Bxf3 20. Bxf3 Rd8 21. Nd5 Rd7 22. Rd3 Kf8 23. Kf1 Bc5 24. Ke1 Bd4 25. Nxf6 1/2-1/2

[Event "Polanica Zdroj op-B 46th"]
[Site "Polanica Zdroj"]
[Date "2010.08.24"]
[Round "7"]
[White "Koscielny, Edmond"]
[Black "Wojtowicz, Stanislaw"]
[Result "1-0"]
[WhiteElo "1860"]
[BlackElo "1744"]
[PlyCount "74"]
[EventDate "2010.08.18"]
[EventType "swiss"]
[EventRounds "9"]
[EventCountry "POL"]
[SourceTitle "CBM 138 Extra"]
[Source "ChessBase"]
[SourceDate "2010.10.29"]
[SourceVersion "1"]
[SourceVersionDate "2010.10.29"]
[SourceQuality "1"]

1. f4 d5 2. Nf3 c5 3. b3 Nf6 4. Bb2 e6 5. e3 Be7 6. Bd3 Nc6 7. 0-0 Qc7 8. Nc3 a6 9. Ne2 Nb4 10. Ne5 Nxd3 11. cxd3 Bd7 12. Ng3 Bb5 13. a4 Bc6 14. Rc1 Qb6 15. f5 Bxa4 16. fxe6 fxe6 17. Rxf6 Bxf6 18. Qh5+ g6 19. Nxg6 hxg6 20. Qxg6+ Kd7 21. Bxf6 Rhe8 22. bxa4 Qd6 23. d4 c4 24. d3 b5 25. dxc4 dxc4 26. Qf7+ Kc6 27. Be5 Qd7 28. Qf3+ Qd5 29. axb5+ axb5 30. e4 Qd7 31. Qf6 Kb7 32. Rb1 Rf8 33. Qh6 Rfc8 34. Qd2 c3 35. Qc2 Qc6 36. Ne2 Qc4 37. Nxc3 Ra2 1-0

[Event "Polanica Zdroj op-B 46th"]
[Site "Polanica Zdroj"]
[Date "2010.08.23"]
[Round "6"]
[White "Wojtowicz, Stanislaw"]
[Black "Duszenko, Michal"]
[Result "1/2-1/2"]
[WhiteElo "1744"]
[BlackElo "1834"]
[PlyCount "59"]
[EventDate "2010.08.18"]
[EventType "swiss"]
[EventRounds "9"]
[EventCountry "POL"]
[SourceTitle "CBM 138 Extra"]
[Source "ChessBase"]
[SourceDate "2010.10.29"]
[SourceVersion "1"]
[SourceVersionDate "2010.10.29"]
[SourceQuality "1"]

1. d4 Nf6 2. c4 c5 3. e3 g6 4. Nc3 Bg7 5. Nf3 0-0 6. Be2 Nc6 7. 0-0 cxd4 8. exd4 d5 9. Be3 dxc4 10. Bxc4 Bg4 11. Be2 Nd5 12. h3 Bf5 13. Qd2 Qa5 14. Bc4 Nb6 15. Bb5 a6 16. Bxc6 bxc6 17. Bh6 Nc4 18. Qc1 Rab8 19. b3 Na3 20. Qd2 Nb5 21. Bxg7 Kxg7 22. Nxb5 Qxd2 23. Nxd2 cxb5 24. Rfe1 Rb7 25. Rac1 Rc8 26. Rxc8 Bxc8 27. Rc1 Rb8 28. f3 Bb7 29. Kf2 Kf6 30. Ke3 1/2-1/2

[Event "Polanica Zdroj op-B 46th"]
[Site "Polanica Zdroj"]
[Date "2010.08.20"]
[Round "3"]
[White "Gromada, Andrzej"]
[Black "Wojtowicz, Stanislaw"]
[Result "1-0"]
[WhiteElo "1915"]
[BlackElo "1744"]
[PlyCount "53"]
[EventDate "2010.08.18"]
[EventType "swiss"]
[EventRounds "9"]
[EventCountry "POL"]
[SourceTitle "CBM 138 Extra"]
[Source "ChessBase"]
[SourceDate "2010.10.29"]
[SourceVersion "1"]
[SourceVersionDate "2010.10.29"]
[SourceQuality "1"]

1. d4 d5 2. c4 e6 3. Nf3 Nf6 4. g3 Be7 5. Bg2 0-0 6. 0-0 Nbd7 7. Nc3 c6 8. b3 h6 9. Qc2 Re8 10. e4 dxe4 11. Nxe4 Nxe4 12. Qxe4 Nf6 13. Qc2 Qc7 14. Bb2 b6 15. Rad1 Bb7 16. Rfe1 Rad8 17. Bc3 Qc8 18. Qe2 Qa8 19. Ne5 Rc8 20. Rd3 Bf8 21. h4 Rc7 22. g4 Nd7 23. g5 hxg5 24. hxg5 Nxe5 25. Qxe5 Qd8 26. Rh3 Bd6 27. Qe3 1-0

[Event "Polanica Zdroj op-C 44th"]
[Site "Polanica Zdroj"]
[Date "2008.08.25"]
[Round "7"]
[White "Wojtowicz, Stanislaw"]
[Black "Zajaczkowski, Piotr"]
[Result "1-0"]
[WhiteElo "2074"]
[BlackElo "1757"]
[PlyCount "20"]
[EventDate "2008.08.19"]
[EventType "swiss"]
[EventRounds "9"]
[EventCountry "POL"]
[SourceTitle "CBM 126 Extra"]
[Source "ChessBase"]
[SourceDate "2008.11.05"]
[SourceVersion "1"]
[SourceVersionDate "2008.11.05"]
[SourceQuality "1"]

1. d4 Nf6 2. Nf3 e6 3. g3 b6 4. Bg2 Bb7 5. 0-0 Be7 6. c4 0-0 7. Nc3 Ne4 8. Nxe4 Bxe4 9. Bd2 d6 10. Bc3 Nd7 1-0

[Event "Polanica Zdroj op-C 44th"]
[Site "Polanica Zdroj"]
[Date "2008.08.22"]
[Round "4"]
[White "Wojtowicz, Stanislaw"]
[Black "Kacprzyk, Kaja"]
[Result "1/2-1/2"]
[WhiteElo "2074"]
[BlackElo "1740"]
[PlyCount "81"]
[EventDate "2008.08.19"]
[EventType "swiss"]
[EventRounds "9"]
[EventCountry "POL"]
[SourceTitle "CBM 126 Extra"]
[Source "ChessBase"]
[SourceDate "2008.11.05"]
[SourceVersion "1"]
[SourceVersionDate "2008.11.05"]
[SourceQuality "1"]

1. d4 d5 2. Bf4 Nf6 3. Nf3 e6 4. e3 Be7 5. Be2 0-0 6. h3 c5 7. c3 Nc6 8. 0-0 Bd7 9. Nbd2 Qb6 10. Qb3 Qxb3 11. axb3 a6 12. Ne5 h6 13. Ndf3 Rfc8 14. Rfd1 Be8 15. Nd3 cxd4 16. exd4 Ne4 17. Nfe5 f6 18. Nxc6 Bxc6 19. f3 Nd6 20. Nc5 Kf7 21. Na4 Rd8 22. Nb6 Ra7 23. Kh1 Nc8 24. Bc7 Re8 25. b4 Nxb6 26. Bxb6 Raa8 27. Bc7 Rac8 28. Bg3 Bd8 29. Re1 Bc7 30. Bxc7 Rxc7 31. f4 g6 32. Kg1 Ree7 33. Kf2 Kg7 34. Bf3 Bb5 35. Re3 Bc4 36. Rae1 Kf7 37. Be2 Bxe2 38. R1xe2 Rc8 39. g4 Rce8 40. Kf3 f5 41. Re5 1/2-1/2

[Event "Polanica Zdroj op-C 43rd"]
[Site "Polanica Zdroj"]
[Date "2007.08.24"]
[Round "8.16"]
[White "Dusza, Elzbieta"]
[Black "Wojtowicz, Stanislaw"]
[Result "1-0"]
[WhiteElo "1844"]
[BlackElo "2032"]
[PlyCount "53"]
[EventDate "2007.08.17"]
[EventType "swiss"]
[EventRounds "9"]
[EventCountry "POL"]
[SourceTitle "CBM 120 Extra"]
[Source "ChessBase"]
[SourceDate "2007.11.01"]
[SourceVersion "1"]
[SourceVersionDate "2007.11.01"]
[SourceQuality "1"]

1. e4 c5 2. Nf3 d6 3. d4 cxd4 4. Nxd4 Nf6 5. Nc3 a6 6. Bg5 e6 7. Bc4 Be7 8. f4 0-0 9. Qf3 Nc6 10. Nxc6 bxc6 11. Bb3 Nd7 12. Bxe7 Qxe7 13. 0-0-0 Nc5 14. Na4 Nxb3+ 15. Qxb3 Bd7 16. Qa3 c5 17. Nb6 Ra7 18. Nc4 d5 19. exd5 exd5 20. Rhe1 Be6 21. Rxd5 Bxd5 22. Rxe7 Rxe7 23. Qxc5 Re1+ 24. Kd2 Ree8 25. Qxd5 Rd8 26. Nd6 Rfe8 27. Qxf7+ 1-0

[Event "Polanica Zdroj op-C 43rd"]
[Site "Polanica Zdroj"]
[Date "2007.08.19"]
[Round "3.10"]
[White "Wojtowicz, Stanislaw"]
[Black "Karpinski, Bartlomiej"]
[Result "1/2-1/2"]
[WhiteElo "2032"]
[BlackElo "1808"]
[PlyCount "120"]
[EventDate "2007.08.17"]
[EventType "swiss"]
[EventRounds "9"]
[EventCountry "POL"]
[SourceTitle "CBM 120 Extra"]
[Source "ChessBase"]
[SourceDate "2007.11.01"]
[SourceVersion "1"]
[SourceVersionDate "2007.11.01"]
[SourceQuality "1"]

1. d4 Nf6 2. c4 g6 3. Nc3 Bg7 4. Nf3 d6 5. g3 Bg4 6. Bg2 c6 7. Qb3 Qb6 8. 0-0 0-0 9. Re1 Nbd7 10. e3 e5 11. dxe5 Nxe5 12. Nxe5 dxe5 13. e4 Qxb3 14. axb3 a6 15. h3 Be6 16. Bg5 b5 17. cxb5 cxb5 18. b4 h6 19. Be3 Rfd8 20. Red1 Rxd1+ 21. Nxd1 Rd8 22. Nc3 Bc8 23. Rd1 Rxd1+ 24. Nxd1 Bf8 25. Bd2 Nd7 26. Bc3 Bd6 27. Ne3 Nb8 28. Kf1 Nc6 29. Nc2 Be6 30. Ke1 Bb3 31. Kd2 Bxc2 32. Kxc2 Nxb4+ 33. Kd2 Nc6 34. Kd3 Kf8 35. h4 f6 36. Bh3 Ke7 37. Bc8 Nb8 38. f3 h5 39. g4 Bc5 40. Ke2 b4 41. Bd2 a5 42. Bb7 a4 43. Bd5 Nd7 44. Be3 Bd6 45. gxh5 gxh5 46. Kd3 a3 47. bxa3 bxa3 48. Kc3 Nf8 49. Bg8 Ng6 50. Bf2 Nf4 51. Bc4 Kd7 52. Be3 Ne6 53. Bd5 Nc7 54. Bf7 Nb5+ 55. Kb3 Nd4+ 56. Bxd4 exd4 57. Bxh5 Ke6 58. f4 Bxf4 59. Kxa3 Bg3 60. Bg6 Bxh4 1/2-1/2

[Event "Polanica Zdroj op-C 43rd"]
[Site "Polanica Zdroj"]
[Date "2007.08.17"]
[Round "1.8"]
[White "Szelest, Malgorzata"]
[Black "Wojtowicz, Stanislaw"]
[Result "1/2-1/2"]
[WhiteElo "1845"]
[BlackElo "2032"]
[PlyCount "62"]
[EventDate "2007.08.17"]
[EventType "swiss"]
[EventRounds "9"]
[EventCountry "POL"]
[SourceTitle "CBM 120 Extra"]
[Source "ChessBase"]
[SourceDate "2007.11.01"]
[SourceVersion "1"]
[SourceVersionDate "2007.11.01"]
[SourceQuality "1"]

1. d4 d5 2. e3 Nf6 3. f4 e6 4. Nf3 c5 5. c3 Be7 6. Be2 0-0 7. 0-0 Nbd7 8. Ne5 Ne4 9. Nd2 Ndf6 10. Ndf3 c4 11. Qe1 Nd7 12. Bd1 f6 13. Ng4 Qe8 14. Bc2 Qh5 15. Nf2 f5 16. Bd1 Qg6 17. Kh1 Ndf6 18. Rg1 Qh6 19. Nxe4 fxe4 20. Ne5 Nd7 21. g4 g5 22. Qg3 Nxe5 23. dxe5 Bd7 24. Bd2 b5 25. Be2 Kh8 26. b4 a5 27. a3 Rf7 28. Rgf1 a4 29. Kg2 Qg6 30. Rad1 h6 31. Bc1 Kg7 1/2-1/2

[Event "Pocztowiec-ch"]
[Site "Poznan"]
[Date "2001.??.??"]
[Round "?"]
[White "Mackow, Pawel"]
[Black "Wojtowicz, Stanislaw"]
[Result "1-0"]
[WhiteElo "1800"]
[BlackElo "2000"]
[PlyCount "33"]
[EventDate "2001.??.??"]
[EventType "swiss"]
[EventRounds "9"]
[EventCountry "POL"]
[SourceTitle "EXT 2006"]
[Source "ChessBase"]
[SourceDate "2005.11.24"]
[SourceVersion "1"]
[SourceVersionDate "2005.11.24"]
[SourceQuality "1"]

1. c4 Nf6 2. Nc3 e6 3. e4 d5 4. e5 d4 5. exf6 dxc3 6. bxc3 Qxf6 7. d4 Bd6 8. Nf3 h6 9. Bd3 c5 10. 0-0 Nc6 11. Bc2 Bd7 12. Be3 Rd8 13. Re1 Ne7 14. dxc5 Bc7 15. Bd4 e5 16. Nxe5 Qg5 17. Nxd7 1-0

[Event "Pocztowiec-ch"]
[Site "Poznan"]
[Date "2001.??.??"]
[Round "?"]
[White "Wojtowicz, Stanislaw"]
[Black "Pilny, Piotr"]
[Result "1/2-1/2"]
[WhiteElo "2000"]
[BlackElo "1800"]
[PlyCount "71"]
[EventDate "2001.??.??"]
[EventType "swiss"]
[EventRounds "9"]
[EventCountry "POL"]
[SourceTitle "EXT 2006"]
[Source "ChessBase"]
[SourceDate "2005.11.24"]
[SourceVersion "1"]
[SourceVersionDate "2005.11.24"]
[SourceQuality "1"]

1. e4 e5 2. Nc3 Bc5 3. Nf3 Nc6 4. Be2 Nge7 5. Nxe5 Nxe5 6. d4 Bd6 7. dxe5 Bxe5 8. Qd3 0-0 9. Be3 c6 10. Rd1 Qa5 11. Bd2 Qc7 12. g3 d5 13. f4 Bxc3 14. Bxc3 dxe4 15. Qxe4 Bf5 16. Qd4 f6 17. Bc4+ Kh8 18. 0-0 Rfd8 19. Qf2 Nd5 20. Bxd5 cxd5 21. Rd2 Qc4 22. Qd4 Qxd4+ 23. Bxd4 Re8 24. Kg2 Kg8 25. h3 h5 26. Kh2 b6 27. Rg1 Kf7 28. g4 hxg4 29. hxg4 Rh8+ 30. Kg3 Be4 31. c3 Rh7 32. Rh2 Rxh2 33. Kxh2 Re8 34. Re1 Bf3 35. Rxe8 Kxe8 36. Kg3 1/2-1/2